000 00641nam a2200181 4500
001 127238
003 ES-MaACL
005 20231228062700.0
007 t|
008 070214s1948 sp r ||||1| spa d
100 1 _aRico de Estasen, José.
_997022
245 1 3 _aEl coronel Montesinos
_b: un español de prestigio europeo /
_cJosé Rico de Estasen ; prólogo del doctor Marañón.
260 _aAlcalá de Henares :
_b[s. n.],
_c1948 (
_fImp. de los Talleres penitenciarios)
300 _a265 p., 28 lám. ;
_c22 cm.
700 1 _aMarañón, Gregorio,
_d1887-1960
_976311
852 _aES-MaACL
_jB-12790
_bR.27342
999 _c127238
_d127238